The new university;

Saved in:
Bibliographic Details
Main Author: Lawlor, John
Format: Book
Language:English
Published: London, Routledge & K. Paul, 1968.
Subjects:
LEADER 01058nam a22003131a 4500
001 c000320648
003 CARM
005 20000913210202.0
008 690218s1968 enk b 001 0 eng
010 |a 73363037 //r90 
015 |a B68-23449 
019 1 |a 411146  |z 41554851  |z 58095525  |5 LACONCORD2021 
020 |a 0710060459 
035 |a (OCoLC)219482  |5 LACONCORD2021 
040 |a LC  |b eng  |c LC  |d LC 
050 4 |a LB2325  |b .L39 1968 
050 0 0 |a LB2325  |b .L39 1968 
082 0 0 |a 378.42 
082 0 4 |a 378.42 
100 1 |a Lawlor, John. 
245 1 4 |a The new university;  |c edited by John Lawlor. 
260 |a London,  |b Routledge & K. Paul,  |c 1968. 
300 |a viii, 200 p.  |c 20 cm. 
500 |a Includes essays on Australia and New Zealand. 
504 |a Bibliographical footnotes. 
650 0 |a Education, Higher. 
852 8 |b CARM  |h A2:AQ06A0  |i A04117  |p 0346276  |f BK 
999 f f |i 316dc5c1-85a6-529a-8476-f9d3e2236379  |s 81e250e1-65f7-575b-8abe-fa8fd7406666 
952 f f |p Can circulate  |a CAVAL  |b CAVAL  |c CAVAL  |d CARM 1 Store  |e A04117  |f A2:AQ06A0  |h Other scheme  |i book  |m 0346276